| 000 | 00340nam a22001217a 4500 | ||
|---|---|---|---|
| 020 | _a9781138077096 | ||
| 040 | _cNUST | ||
| 082 |
_a621.31042 _bFIL |
||
| 100 |
_aFilizadeh, Shaahin _974433 |
||
| 245 |
_aElectric Machines and Drives _bPrinciples, Control, Modeling, and Simulation |
||
| 260 |
_aLondon: _bCrc Press, _c2013. |
||
| 942 |
_2ddc _cBK |
||
| 999 |
_c586674 _d586674 |
||